<?xml version="1.0" encoding="UTF-8"?>
<record
    xmlns:xsi="http://www.w3.org/2001/XMLSchema-instance"
    xsi:schemaLocation="http://www.loc.gov/MARC21/slim http://www.loc.gov/standards/marcxml/schema/MARC21slim.xsd"
    xmlns="http://www.loc.gov/MARC21/slim">

  <leader>01206nam a22003497a 4500</leader>
  <controlfield tag="001">2936</controlfield>
  <controlfield tag="003">HMS</controlfield>
  <controlfield tag="005">20251106122621.0</controlfield>
  <controlfield tag="008">251106e2000    cl a|||frntu| 001 0 spa  </controlfield>
  <datafield tag="020" ind1=" " ind2=" ">
    <subfield code="a">9562201716</subfield>
  </datafield>
  <datafield tag="040" ind1=" " ind2=" ">
    <subfield code="a">hms</subfield>
    <subfield code="b">spa</subfield>
    <subfield code="c">hms</subfield>
  </datafield>
  <datafield tag="050" ind1="0" ind2="4">
    <subfield code="a">WS420 T172</subfield>
  </datafield>
  <datafield tag="100" ind1="1" ind2=" ">
    <subfield code="a">Tapia I., Jos&#xE9; Luis.</subfield>
    <subfield code="9">4677</subfield>
  </datafield>
  <datafield tag="245" ind1="1" ind2="0">
    <subfield code="a">Manual de neonatolog&#xED;a / </subfield>
    <subfield code="c">Jos&#xE9; Luis Tapia I., Patricio Ventura-Junca del T.</subfield>
    <subfield code="h">[libro]</subfield>
  </datafield>
  <datafield tag="250" ind1=" " ind2=" ">
    <subfield code="a">Segunda edici&#xF3;n </subfield>
  </datafield>
  <datafield tag="260" ind1=" " ind2=" ">
    <subfield code="a">Santiago de Chile :</subfield>
    <subfield code="b">Editorial Mediterr&#xE1;neo,</subfield>
    <subfield code="c">2000</subfield>
  </datafield>
  <datafield tag="300" ind1=" " ind2=" ">
    <subfield code="a">657 p&#xE1;ginas :</subfield>
    <subfield code="b">ilustraciones ;</subfield>
    <subfield code="c">26 cm.</subfield>
  </datafield>
  <datafield tag="500" ind1=" " ind2=" ">
    <subfield code="a">Incluye &#xED;ndice</subfield>
  </datafield>
  <datafield tag="504" ind1=" " ind2=" ">
    <subfield code="a">Incluye bibliograf&#xED;as </subfield>
  </datafield>
  <datafield tag="650" ind1=" " ind2="7">
    <subfield code="a">Feto</subfield>
    <subfield code="x">Patolog&#xED;a</subfield>
    <subfield code="9">4678</subfield>
  </datafield>
  <datafield tag="650" ind1=" " ind2="7">
    <subfield code="a">Mortalidad infantil</subfield>
    <subfield code="9">4679</subfield>
  </datafield>
  <datafield tag="650" ind1=" " ind2="7">
    <subfield code="a">Anamnesis</subfield>
    <subfield code="9">4680</subfield>
  </datafield>
  <datafield tag="650" ind1=" " ind2="7">
    <subfield code="a">Retardo del crecimiento fetal</subfield>
    <subfield code="9">4681</subfield>
  </datafield>
  <datafield tag="650" ind1=" " ind2="7">
    <subfield code="a">Retardo del crecimiento fetal </subfield>
    <subfield code="9">4681</subfield>
  </datafield>
  <datafield tag="650" ind1=" " ind2="7">
    <subfield code="a">Reci&#xE9;n nacido de bajo peso</subfield>
    <subfield code="9">4682</subfield>
  </datafield>
  <datafield tag="650" ind1=" " ind2="7">
    <subfield code="a">Enfermedades neonatales cong&#xE9;nitas y hereditarias y anomal&#xED;as</subfield>
    <subfield code="9">4683</subfield>
  </datafield>
  <datafield tag="650" ind1=" " ind2="7">
    <subfield code="a">Enfermedades del reci&#xE9;n nacido </subfield>
    <subfield code="9">4684</subfield>
  </datafield>
  <datafield tag="650" ind1=" " ind2="7">
    <subfield code="a">Lactancia materna</subfield>
    <subfield code="9">4685</subfield>
  </datafield>
  <datafield tag="650" ind1=" " ind2="7">
    <subfield code="a">Diagn&#xF3;stico por imagen </subfield>
    <subfield code="9">4686</subfield>
  </datafield>
  <datafield tag="650" ind1=" " ind2="7">
    <subfield code="a">Respiraci&#xF3;n artificial</subfield>
    <subfield code="9">4687</subfield>
  </datafield>
  <datafield tag="942" ind1=" " ind2=" ">
    <subfield code="2">lcc</subfield>
    <subfield code="c">COL. RES.</subfield>
    <subfield code="n">0</subfield>
  </datafield>
  <datafield tag="999" ind1=" " ind2=" ">
    <subfield code="c">2936</subfield>
    <subfield code="d">2936</subfield>
  </datafield>
  <datafield tag="952" ind1=" " ind2=" ">
    <subfield code="0">0</subfield>
    <subfield code="1">0</subfield>
    <subfield code="2">lcc</subfield>
    <subfield code="4">0</subfield>
    <subfield code="7">0</subfield>
    <subfield code="8">Col. Res.</subfield>
    <subfield code="a">BHMS</subfield>
    <subfield code="b">BHMS</subfield>
    <subfield code="c">Full Space</subfield>
    <subfield code="d">2025-11-06</subfield>
    <subfield code="i">000766</subfield>
    <subfield code="l">0</subfield>
    <subfield code="o">WS420 T172 2&#xAA;ed 2000</subfield>
    <subfield code="p">000766</subfield>
    <subfield code="r">2025-11-06 10:21:00</subfield>
    <subfield code="t">c.1</subfield>
    <subfield code="w">2025-11-06</subfield>
    <subfield code="y">COL. RES.</subfield>
  </datafield>
</record>
